000 01390nam a2200205Ia 4500
003 Ost
005 20260507075306.0
008 260507s9999||||xx |||||||||||||| ||und||
040 _cfsecg
041 _aara
082 _a330
100 _eمؤلف
245 0 _aاعداد القيادات الادارية و المالية في المؤسسات العربية :
_bبحوث و اوراق عمل /
260 _aالقاهرة:
_bمنشورات المنظمة العربية للتنمية الادارية,
_c2009
300 _a243 صفحة؛
_bإيضاحات ؛
_c29 سم
520 _aتكوين واعداد القادة ، تأهيل و اعداد القيادات المالية و الادارية لمواجهةالتحديات المحلية و الدولية ، تكوين القيادة الادارية ة النمط القيادي الفعال القيادة تحت الضغوط تطوير و تحسين المهارات القيادية للارادات التنفيذية ، اعداد قيادات الصف الاول في المجالات الادارية و المالية ، المدير العربي المتميز ، خصائص و سمات المدير القائد في الالفية الثالثة و كيفية اعداد المدير العربي المتميز.
653 _aالادارة
653 _aالادارة المالية
942 _cكتاب
999 _c43817
_d43817